Integrated area development of Tahsil Ranikhet (Record no. 15806)

MARC details
000 -LEADER
fixed length control field 00404nam a2200145Ia 4500
082 ## - DEWEY DECIMAL CLASSIFICATION NUMBER
Classification number TT.0003
100 ## - MAIN ENTRY--AUTHOR NAME
Personal name Thuwal, Yashodhar
245 #0 - TITLE STATEMENT
Title Integrated area development of Tahsil Ranikhet
260 ## - PUBLICATION, DISTRIBUTION, ETC. (IMPRINT)
Year of publication 1983
Name of publisher Kumaun University
300 ## - PHYSICAL DESCRIPTION
Number of Pages 232p.
650 ## - SUBJECT ADDED ENTRY--TOPICAL TERM
Topical Term REGIONAL PLANNING - UTTAR PRADESH - RANIKHET
650 ## - SUBJECT ADDED ENTRY--TOPICAL TERM
Topical Term RANIKHET - ECONOMIC CONDITIONS
710 ## - ADDED ENTRY--CORPORATE NAME
Corporate name or jurisdiction name as entry element Jalal, Dhan Singh
942 ## - ADDED ENTRY ELEMENTS (KOHA)
Koha item type Thesis
Source of classification or shelving scheme Dewey Decimal Classification
Holdings
Withdrawn status Lost status Damaged status Not for loan Home library Current library Date acquired Bill Date Full call number Accession Number Price effective from Koha item type
        NASSDOC Library NASSDOC Library 08/10/2004 2004-10-22 TT.0003 26997 18/04/2019 Thesis